[Event "BCF-chT 0203 (4NCL)"]
[Site "West Bromwich"]
[Date "2002.11.24"]
[Round "2.6"]
[White "Zeidler, Sven P"]
[Black "Houska, Miroslav"]
[Result "1-0"]
[WhiteElo "2275"]
[BlackElo "2298"]
[PlyCount "59"]
[EventDate "2002.11.??"]
[EventType "team"]
[EventRounds "11"]
[EventCountry "ENG"]
[SourceTitle "EXT 2004"]
[Source "ChessBase"]
[SourceDate "2003.11.25"]
[SourceVersion "1"]
[SourceVersionDate "2003.11.25"]
[SourceQuality "1"]
[WhiteTeam "SW Dragons"]
[BlackTeam "Slough"]
[WhiteTeamCountry "ENG"]
[BlackTeamCountry "ENG"]

1. e4 g6 2. d4 Bg7 3. Nc3 d6 4. Bc4 Nf6 5. Qe2 0-0 6. e5 Ne8 7. Bg5 Qd7 8. 0-0-0 c6 9. Nf3 b5 10. Bd3 Nc7 11. exd6 exd6 12. Qe7 Re8 13. Qxd7 Bxd7 14. Ne4 Re6 15. Bf4 Nd5 16. Bg3 Nb4 17. Nfg5 d5 18. Nc5 Bxd4 19. Ngxe6 Bxe6 20. Rhe1 Bf6 21. Nxe6 fxe6 22. Rxe6 Kf7 23. Rde1 Nd7 24. Bd6 a5 25. a3 Nxd3+ 26. cxd3 Rc8 27. Re7+ Bxe7 28. Rxe7+ Kf6 29. Rxd7 Ke6 30. Rc7 1-0

[Event "BCF-chT2 0102 (4NCL)"]
[Site "Birmingham"]
[Date "2002.01.19"]
[Round "5.1"]
[White "Houska, Miroslav"]
[Black "Berry, Stephen"]
[Result "0-1"]
[WhiteElo "2300"]
[BlackElo "2309"]
[PlyCount "82"]
[EventDate "2001.09.22"]
[EventType "team"]
[EventRounds "11"]
[EventCountry "ENG"]
[SourceTitle "EXT 2003"]
[Source "ChessBase"]
[SourceDate "2002.11.25"]
[SourceVersion "1"]
[SourceVersionDate "2002.11.25"]
[SourceQuality "1"]
[WhiteTeam "Slough II"]
[BlackTeam "Kings Head"]
[WhiteTeamCountry "ENG"]
[BlackTeamCountry "ENG"]

1. d4 Nf6 2. c4 e6 3. Nc3 Bb4 4. e3 0-0 5. Bd3 d5 6. cxd5 exd5 7. Nge2 Bd6 8. f3 c5 9. 0-0 Nc6 10. g4 h6 11. Rf2 Re8 12. Rg2 Bf8 13. Qf1 b6 14. Qf2 Nb4 15. Bb1 Ba6 16. Nf4 g5 17. a3 Nc6 18. Nfe2 cxd4 19. Nxd4 Nxd4 20. exd4 Bg7 21. h4 Nd7 22. f4 Qf6 23. hxg5 hxg5 24. Be3 Rxe3 25. Qxe3 gxf4 26. Qf3 Qxd4+ 27. Kh1 Ne5 28. Qxd5 Qxd5 29. Nxd5 f3 30. Rf2 Rd8 31. Be4 Bd3 32. Nc3 Bxe4 33. Nxe4 Rd4 34. Re1 Nd3 35. Rd1 Rxe4 36. Rxf3 Ne5 37. Rc3 Nxg4 38. Rc8+ Kh7 39. Rd7 Kg6 40. Rxa7 Bxb2 41. Rc6+ f6 0-1

[Event "BCF-chT 0102 (4NCL)"]
[Site "Birmingham"]
[Date "2001.11.25"]
[Round "4.6"]
[White "Houska, Miroslav"]
[Black "Karolyi, Tibor Jr"]
[Result "1/2-1/2"]
[WhiteElo "2293"]
[BlackElo "2415"]
[PlyCount "35"]
[EventDate "2001.09.22"]
[EventType "team"]
[EventRounds "11"]
[EventCountry "ENG"]
[SourceTitle "CBM 084 Extra"]
[Source "ChessBase"]
[SourceDate "2001.10.26"]
[SourceVersion "1"]
[SourceVersionDate "2001.10.26"]
[SourceQuality "1"]
[WhiteTeam "Slough"]
[BlackTeam "Wood Green"]
[WhiteTeamCountry "ENG"]
[BlackTeamCountry "ENG"]

1. d4 d5 2. c4 dxc4 3. Nf3 c5 4. d5 e6 5. e4 exd5 6. exd5 a6 7. a4 Nf6 8. Bxc4 Bd6 9. 0-0 0-0 10. h3 Bf5 11. Nc3 h6 12. Bd3 Bxd3 13. Qxd3 Nbd7 14. Re1 Qc7 15. a5 Rfe8 16. Bd2 Rxe1+ 17. Rxe1 Re8 18. Rxe8+ 1/2-1/2

[Event "Lisbon op"]
[Site "Lisbon"]
[Date "2001.08.28"]
[Round "8"]
[White "Houska, Miroslav"]
[Black "Santos, Carlos Pereira Dos"]
[Result "0-1"]
[WhiteElo "2284"]
[BlackElo "2423"]
[PlyCount "78"]
[EventDate "2001.08.21"]
[EventType "swiss"]
[EventRounds "9"]
[EventCountry "POR"]
[SourceTitle "EXT 2002"]
[Source "ChessBase"]
[SourceDate "2001.11.25"]
[SourceVersion "1"]
[SourceVersionDate "2001.11.25"]
[SourceQuality "1"]

1. d4 Nf6 2. Nf3 g6 3. Bg5 Bg7 4. Nbd2 d5 5. e3 0-0 6. Bd3 Nbd7 7. 0-0 Re8 8. e4 dxe4 9. Nxe4 Nxe4 10. Bxe4 c5 11. dxc5 Qc7 12. c6 bxc6 13. c3 Nc5 14. Bc2 Ba6 15. Re1 Rad8 16. Qc1 Nd3 17. Bxd3 Bxd3 18. Bh6 Bf6 19. Bg5 Bg7 20. Bh6 Bh8 21. Qe3 Bf5 22. Rad1 Rd5 23. Rxd5 cxd5 24. Nd4 Bd7 25. f4 Qb6 26. Qf2 e6 27. h4 Rb8 28. Re2 Qa6 29. a3 Qd3 30. Nf3 Qa6 31. h5 Rc8 32. Ne5 Bb5 33. Re3 Qb6 34. Kh2 Be8 35. Qh4 Qxe3 36. Ng4 Qe2 37. Qe7 Bb5 38. Kg3 Qd3+ 39. Kh4 gxh5 0-1

[Event "Lisbon op"]
[Site "Lisbon"]
[Date "2001.08.26"]
[Round "6"]
[White "Houska, Miroslav"]
[Black "Petermann, Hubert"]
[Result "1-0"]
[WhiteElo "2284"]
[BlackElo "2115"]
[PlyCount "79"]
[EventDate "2001.08.21"]
[EventType "swiss"]
[EventRounds "9"]
[EventCountry "POR"]
[SourceTitle "EXT 2002"]
[Source "ChessBase"]
[SourceDate "2001.11.25"]
[SourceVersion "1"]
[SourceVersionDate "2001.11.25"]
[SourceQuality "1"]

1. c4 Nf6 2. Nc3 g6 3. e4 d6 4. g3 Bg7 5. Bg2 0-0 6. Nge2 e5 7. 0-0 Nc6 8. d3 Ne8 9. f4 f5 10. Be3 Nf6 11. h3 Kh8 12. Kh2 Be6 13. b3 Qd7 14. Qd2 Rae8 15. exf5 Bxf5 16. d4 exd4 17. Nxd4 Ne4 18. Bxe4 Bxe4 19. Rae1 b6 20. g4 Nxd4 21. Bxd4 Bb7 22. Rxe8 Qxe8 23. Nb5 Qe7 24. Nxa7 Re8 25. Bxg7+ Kxg7 26. Nb5 Kg8 27. Nc3 Qe3 28. Rf2 Qc5 29. Nd5 Bxd5 30. cxd5 Re4 31. f5 Rd4 32. Qe3 Re4 33. Qf3 Re3 34. Qf4 Re4 35. Qd2 Rd4 36. Qg5 Rxg4 37. Qd8+ Kg7 38. Qe7+ Kh6 39. Qf8+ Kg5 40. fxg6 1-0

[Event "Lisbon op"]
[Site "Lisbon"]
[Date "2001.08.22"]
[Round "2"]
[White "Houska, Miroslav"]
[Black "Khamrakulov, Ibragim S"]
[Result "1-0"]
[WhiteElo "2284"]
[BlackElo "2485"]
[PlyCount "59"]
[EventDate "2001.08.21"]
[EventType "swiss"]
[EventRounds "9"]
[EventCountry "POR"]
[SourceTitle "EXT 2002"]
[Source "ChessBase"]
[SourceDate "2001.11.25"]
[SourceVersion "1"]
[SourceVersionDate "2001.11.25"]
[SourceQuality "1"]

1. d4 Nf6 2. Nf3 g6 3. Bg5 Ne4 4. Bf4 Bg7 5. e3 d5 6. Nbd2 0-0 7. Nxe4 dxe4 8. Nd2 f5 9. Bc4+ Kh8 10. f3 c5 11. c3 exf3 12. Nxf3 h6 13. 0-0 Nd7 14. Qe1 Nb6 15. Bb3 c4 16. Bc2 Bd7 17. Qh4 Kh7 18. Bg5 Nd5 19. e4 fxe4 20. Bxe4 Nf6 21. Rae1 Qe8 22. Bb1 Nd5 23. Bxe7 Nxe7 24. Rxe7 Qc8 25. Ng5+ Kg8 26. Rff7 Rxf7 27. Nxf7 Kf8 28. Bxg6 Qc6 29. Ne5 Bxe5 30. Rf7+ 1-0

[Event "BCF-chT 0001 (4NCL)"]
[Site "Birmingham"]
[Date "2001.03.18"]
[Round "8.8"]
[White "Gourlay, Iain"]
[Black "Houska, Miroslav"]
[Result "0-1"]
[WhiteElo "2056"]
[BlackElo "2279"]
[PlyCount "80"]
[EventDate "2000.09.??"]
[EventType "team"]
[EventRounds "11"]
[EventCountry "ENG"]
[SourceTitle "EXT 2002"]
[Source "ChessBase"]
[SourceDate "2001.11.25"]
[SourceVersion "1"]
[SourceVersionDate "2001.11.25"]
[SourceQuality "1"]
[WhiteTeam "WR"]
[BlackTeam "Slough"]
[WhiteTeamCountry "ENG"]
[BlackTeamCountry "ENG"]

1. Nf3 d5 2. g3 Bg4 3. Bg2 c6 4. b3 Nf6 5. Bb2 e6 6. c4 Bd6 7. d3 0-0 8. 0-0 Nbd7 9. Nbd2 Qe7 10. Qc2 a5 11. a3 Rfe8 12. e4 dxe4 13. dxe4 e5 14. h3 Be6 15. c5 Bxc5 16. Nxe5 Bxh3 17. Nxc6 Qe6 18. Nd4 Qg4 19. Qd1 Ne5 20. Nf5 Rad8 21. Bxe5 Rxe5 22. Qxg4 Bxg4 23. Nc4 Ree8 24. Nxa5 Rd7 25. b4 Ba7 26. Nxb7 Nxe4 27. Bxe4 Rxe4 28. Nfd6 Re2 29. Rac1 h6 30. Rc8+ Kh7 31. Rd8 Rde7 32. Kg2 Be6 33. Nc5 Bd5+ 34. Kh3 Bf3 35. g4 Ra2 36. Nb5 Bxc5 37. bxc5 Be2 38. Rb1 Re4 39. Nc3 Rxa3 40. Rc1 Rc4 0-1

[Event "BCF-chT 0001 (4NCL)"]
[Site "Birmingham"]
[Date "2001.03.17"]
[Round "7.8"]
[White "Houska, Miroslav"]
[Black "Connolly, Suzanne"]
[Result "1-0"]
[WhiteElo "2279"]
[BlackElo "2083"]
[PlyCount "63"]
[EventDate "2000.09.??"]
[EventType "team"]
[EventRounds "11"]
[EventCountry "ENG"]
[SourceTitle "EXT 2002"]
[Source "ChessBase"]
[SourceDate "2001.11.25"]
[SourceVersion "1"]
[SourceVersionDate "2001.11.25"]
[SourceQuality "1"]
[WhiteTeam "Slough"]
[BlackTeam "PP"]
[WhiteTeamCountry "ENG"]
[BlackTeamCountry "ENG"]

1. d4 d5 2. e4 dxe4 3. Nc3 Nf6 4. f3 exf3 5. Nxf3 Bg4 6. h3 Bh5 7. g4 Bg6 8. Ne5 Nbd7 9. Qf3 c6 10. Bc4 e6 11. Nxg6 hxg6 12. 0-0 Nb6 13. Bb3 Qd7 14. Be3 Bd6 15. Ne2 0-0 16. c4 Bc7 17. Rad1 Rad8 18. Bg5 Qd6 19. Rf2 c5 20. Qxb7 cxd4 21. Rxd4 Qc5 22. Be3 Qe7 23. Kg2 Rxd4 24. Bxd4 e5 25. Be3 Qd7 26. Nc3 Rb8 27. Qf3 Rf8 28. c5 Nc8 29. Ne4 Nxe4 30. Qxe4 Qe7 31. Qxg6 e4 32. Bd4 1-0

[Event "Guernsey op"]
[Site "Guernsey"]
[Date "2000.10.20"]
[Round "6"]
[White "Webster, Andrew"]
[Black "Houska, Miroslav"]
[Result "1-0"]
[WhiteElo "2417"]
[BlackElo "2291"]
[PlyCount "61"]
[EventDate "2000.10.15"]
[EventType "swiss"]
[EventRounds "7"]
[EventCountry "GCI"]
[SourceTitle "EXT 2002"]
[Source "ChessBase"]
[SourceDate "2001.11.25"]
[SourceVersion "1"]
[SourceVersionDate "2001.11.25"]
[SourceQuality "1"]

1. c4 e6 2. Nf3 d5 3. b3 c5 4. g3 Nc6 5. Bg2 Nf6 6. 0-0 Be7 7. e3 0-0 8. Bb2 Qc7 9. Nc3 Rd8 10. cxd5 exd5 11. d4 Bg4 12. dxc5 Bxc5 13. a3 a6 14. Na4 Be7 15. Rc1 Ne4 16. Qc2 Bf5 17. Nd4 Bd7 18. f3 Nd6 19. Rfd1 Rac8 20. Qd3 h5 21. Nc3 Ne5 22. Qb1 Qb8 23. Nxd5 Bf8 24. Rxc8 Nxc8 25. Nf5 Be6 26. Nf6+ gxf6 27. Rxd8 Qc7 28. Rd2 Nb6 29. Nd4 Bh6 30. f4 Bd7 31. Nf5 1-0

[Event "Martinez op-A"]
[Site "Cannes"]
[Date "2000.07.30"]
[Round "2"]
[White "Martin, Joel"]
[Black "Houska, Miroslav"]
[Result "0-1"]
[WhiteElo "2080"]
[BlackElo "2291"]
[PlyCount "86"]
[EventDate "2000.07.29"]
[EventType "swiss"]
[EventRounds "9"]
[EventCountry "FRA"]
[SourceTitle "EXT 2001"]
[Source "ChessBase"]
[SourceDate "2000.11.22"]
[SourceVersion "1"]
[SourceVersionDate "2000.11.22"]
[SourceQuality "1"]

1. e4 e5 2. Nf3 d6 3. d4 exd4 4. Nxd4 g6 5. c4 Bg7 6. Nc3 Nc6 7. Be3 Nge7 8. Be2 0-0 9. 0-0 f5 10. exf5 Bxd4 11. Bxd4 Nxf5 12. Be3 Nxe3 13. fxe3 Rxf1+ 14. Qxf1 Ne5 15. Rd1 b6 16. Bf3 Rb8 17. Bd5+ Kg7 18. Rd2 Bf5 19. b3 Qe7 20. Bf3 Be6 21. Bd5 Bd7 22. h3 Re8 23. Be4 Qh4 24. Qf2 Qd8 25. Qg3 Be6 26. Rf2 Qe7 27. Rd2 a6 28. Rf2 Rb8 29. Rd2 Kh8 30. Kh2 Qg7 31. Rc2 Re8 32. Kg1 Bd7 33. Kh2 Nf7 34. Bd5 Nh6 35. Nd1 c6 36. Bf3 Nf5 37. Qf2 Qe5+ 38. Kg1 Rf8 39. Rd2 g5 40. Qe2 Nh4 41. Bg4 Qg3 42. Kh1 Bxg4 43. hxg4 Rf6 0-1

[Event "BCF-ch 86th"]
[Site "Scarborough"]
[Date "1999.08.12"]
[Round "11"]
[White "Hunt, Adam"]
[Black "Houska, Miroslav"]
[Result "1-0"]
[WhiteElo "2288"]
[BlackElo "2364"]
[PlyCount "33"]
[EventDate "1999.08.05"]
[EventType "swiss"]
[EventRounds "11"]
[EventCountry "ENG"]
[SourceTitle "CBM 071 Extra"]
[Source "ChessBase"]
[SourceDate "1999.09.14"]
[SourceVersion "1"]
[SourceVersionDate "1999.09.14"]
[SourceQuality "1"]

1. e4 e5 2. Nf3 Nc6 3. Bb5 Nf6 4. 0-0 Nxe4 5. d4 Nd6 6. Bxc6 dxc6 7. dxe5 Nf5 8. Qxd8+ Kxd8 9. Nc3 Ke8 10. Bf4 Be6 11. Rfd1 Bb4 12. Ne2 h6 13. Nfd4 Nxd4 14. Nxd4 Ke7 15. Be3 Rhe8 16. a3 Bc5 17. Nxc6+ 1-0

[Event "BCF-ch 86th"]
[Site "Scarborough"]
[Date "1999.08.10"]
[Round "9"]
[White "Kunte, Abhijit"]
[Black "Houska, Miroslav"]
[Result "1-0"]
[WhiteElo "2465"]
[BlackElo "2364"]
[PlyCount "87"]
[EventDate "1999.08.05"]
[EventType "swiss"]
[EventRounds "11"]
[EventCountry "ENG"]
[SourceTitle "CBM 071 Extra"]
[Source "ChessBase"]
[SourceDate "1999.09.14"]
[SourceVersion "1"]
[SourceVersionDate "1999.09.14"]
[SourceQuality "1"]

1. e4 e5 2. Nc3 d6 3. Nf3 Nf6 4. d4 exd4 5. Nxd4 g6 6. g3 Bg7 7. Bg2 0-0 8. 0-0 Bd7 9. h3 Nc6 10. Nde2 Re8 11. Be3 a5 12. b3 a4 13. Qd2 Qc8 14. g4 h5 15. g5 Nh7 16. Kh2 f6 17. gxf6 Nxf6 18. Rae1 Kh7 19. f4 axb3 20. axb3 Ra5 21. Nd4 Rc5 22. Bg1 Ng8 23. Re2 Nxd4 24. Bxd4 Bxd4 25. Qxd4 Qd8 26. b4 Rc6 27. f5 Re5 28. Ref2 gxf5 29. exf5 Nf6 30. Bxc6 Bxc6 31. Rg1 b5 32. Re2 Ng4+ 33. Kg3 Rxe2 34. Nxe2 Ne5 35. Kf2 Qf6 36. Qf4 Be8 37. Qg5 Qf7 38. Nf4 c5 39. Nxh5 Nd7 40. Nf4 Qf6 41. Qg8+ Kh6 42. Qxe8 Qh4+ 43. Ke3 Qe1+ 44. Rxe1 1-0

[Event "BCF-ch 86th"]
[Site "Scarborough"]
[Date "1999.08.04"]
[Round "4"]
[White "Houska, Miroslav"]
[Black "Simons, Martin J"]
[Result "1-0"]
[WhiteElo "2364"]
[BlackElo "2264"]
[PlyCount "49"]
[EventDate "1999.08.05"]
[EventType "swiss"]
[EventRounds "11"]
[EventCountry "ENG"]
[SourceTitle "CBM 071 Extra"]
[Source "ChessBase"]
[SourceDate "1999.09.14"]
[SourceVersion "1"]
[SourceVersionDate "1999.09.14"]
[SourceQuality "1"]

1. d4 Nf6 2. c4 c5 3. d5 b5 4. cxb5 a6 5. bxa6 g6 6. Nc3 Bxa6 7. f4 Bg7 8. Nf3 d6 9. e4 Bxf1 10. Rxf1 Qb6 11. e5 dxe5 12. fxe5 Ng4 13. Qe2 Qa6 14. Qe4 f5 15. exf6 Nxf6 16. Qh4 e6 17. Bh6 0-0 18. Bxg7 Kxg7 19. Ng5 exd5 20. Rxf6 Re8+ 21. Nge4 Qb7 22. 0-0-0 dxe4 23. Rdf1 Re7 24. Rf8 Ra6 25. Rxb8 1-0

[Event "Smith & Williamson YM 9th"]
[Site "Witley"]
[Date "1999.07.17"]
[Round "1"]
[White "Palliser, Richard"]
[Black "Houska, Miroslav"]
[Result "1-0"]
[WhiteElo "2253"]
[BlackElo "2364"]
[PlyCount "109"]
[EventDate "1999.07.17"]
[EventType "swiss"]
[EventRounds "9"]
[EventCountry "ENG"]
[SourceTitle "CBM 071 Extra"]
[Source "ChessBase"]
[SourceDate "1999.09.14"]
[SourceVersion "1"]
[SourceVersionDate "1999.09.14"]
[SourceQuality "1"]

1. d4 g6 2. e4 Bg7 3. Nc3 d5 4. exd5 Nf6 5. Bc4 Nbd7 6. Bg5 Nb6 7. Bxf6 Bxf6 8. Bb3 0-0 9. Nge2 Bg4 10. f3 Bf5 11. Ng3 Qd7 12. Qd2 c6 13. dxc6 bxc6 14. 0-0-0 Rfd8 15. Qf4 a5 16. Nxf5 gxf5 17. a4 Nd5 18. Nxd5 cxd5 19. g4 fxg4 20. fxg4 Rab8 21. Rhf1 Qd6 22. Qf5 Qe6 23. g5 Bg7 24. Qf3 Qg6 25. h4 e6 26. Kb1 Rd7 27. Rg1 Rb4 28. h5 Qe4 29. Qxe4 dxe4 30. Rge1 Rbxd4 31. Rxd4 Rxd4 32. c3 Rd2 33. g6 hxg6 34. hxg6 fxg6 35. Rxe4 g5 36. Rxe6 Kh7 37. Ra6 g4 38. Rxa5 Bf6 39. Rd5 Rf2 40. Rd7+ Kg6 41. Bc2+ Kg5 42. Rd5+ Kf4 43. Rf5+ Ke3 44. Rxf2 Kxf2 45. Be4 Ke3 46. Bd5 Kd3 47. Ka2 Bd8 48. Ka3 Be7+ 49. Kb3 g3 50. a5 Bc5 51. Ka4 Be3 52. Kb5 Ba7 53. Kc6 Kc2 54. b4 Kxc3 55. b5 1-0

[Event "Reading op 2nd"]
[Site "Reading"]
[Date "1999.06.05"]
[Round "1"]
[White "Houska, Miroslav"]
[Black "Thiruchelvam, Murugan"]
[Result "0-1"]
[WhiteElo "2280"]
[BlackElo "1656"]
[PlyCount "64"]
[EventDate "1999.06.05"]
[EventType "swiss"]
[EventRounds "5"]
[EventCountry "ENG"]
[SourceTitle "EXT 2004"]
[Source "ChessBase"]
[SourceDate "2003.11.25"]
[SourceVersion "1"]
[SourceVersionDate "2003.11.25"]
[SourceQuality "1"]

1. c4 e6 2. d4 Nf6 3. Nc3 d5 4. cxd5 exd5 5. Bg5 Be7 6. e3 c6 7. Bd3 Nbd7 8. Qc2 h6 9. Bh4 Nh5 10. Bxe7 Qxe7 11. Nge2 Nb6 12. 0-0-0 Be6 13. f3 Qg5 14. f4 Qxg2 15. f5 Bd7 16. h4 Qf2 17. Qd2 Ng3 18. Nxg3 Qxg3 19. Rdg1 Qd6 20. Rxg7 Qf6 21. Rhg1 0-0-0 22. Qf2 Kb8 23. e4 dxe4 24. Nxe4 Qe7 25. Nc5 Bc8 26. f6 Qc7 27. Bg6 Rhf8 28. Rh7 Nd5 29. Bd3 Qf4+ 30. Qxf4+ Nxf4 31. Rxh6 Rxd4 32. Bf1 Rfd8 0-1

[Event "BCF-chT2 9899 (4NCL)"]
[Site "England"]
[Date "1999.01.24"]
[Round "6.1"]
[White "Houska, Miroslav"]
[Black "Tait, Jonathan A"]
[Result "0-1"]
[WhiteElo "2375"]
[BlackElo "2185"]
[PlyCount "66"]
[EventDate "1998.10.??"]
[EventType "team"]
[EventRounds "11"]
[EventCountry "ENG"]
[SourceTitle "EXT 2000"]
[Source "ChessBase"]
[SourceDate "1999.11.16"]
[SourceVersion "1"]
[SourceVersionDate "1999.11.16"]
[SourceQuality "1"]
[WhiteTeam "Coulsdon"]
[BlackTeam "BCCA"]
[WhiteTeamCountry "ENG"]
[BlackTeamCountry "ENG"]

1. d4 d5 2. c4 e5 3. e3 Nc6 4. cxd5 Qxd5 5. Nc3 Bb4 6. Bd2 Bxc3 7. bxc3 exd4 8. cxd4 Nf6 9. Ne2 Ne4 10. Nc3 Nxc3 11. Bxc3 0-0 12. f3 Qg5 13. Kf2 Ne7 14. h4 Qh6 15. g4 Bxg4 16. fxg4 Qc6 17. Bb4 Qxh1 18. Bxe7 Rfe8 19. Bg5 h6 20. Bf4 Qxh4+ 21. Kg2 Qe7 22. Qf3 Qa3 23. Qf2 c5 24. Bc4 Qc3 25. Qf1 cxd4 26. g5 Re7 27. gxh6 dxe3 28. Rc1 Qf6 29. hxg7 Rd8 30. Rc2 Rd4 31. Bg3 Qg6 32. Rc3 e2 33. Bxe2 Rd2 0-1

[Event "Wch U20 37th"]
[Site "Calicut"]
[Date "1998.11.24"]
[Round "7"]
[White "Satyapragyan, Swayangsu"]
[Black "Houska, Miroslav"]
[Result "1-0"]
[WhiteElo "2210"]
[BlackElo "2375"]
[PlyCount "77"]
[EventDate "1998.11.17"]
[EventType "swiss"]
[EventRounds "13"]
[EventCountry "IND"]
[SourceTitle "CBM 067 Extra"]
[Source "ChessBase"]
[SourceDate "1999.01.01"]
[SourceVersion "1"]
[SourceVersionDate "1999.01.01"]
[SourceQuality "1"]

1. e4 d6 2. d4 Nf6 3. Nc3 Nbd7 4. Nf3 e5 5. Bc4 Be7 6. dxe5 dxe5 7. 0-0 0-0 8. Qe2 c6 9. a4 Qc7 10. h3 Nc5 11. Bg5 Ne6 12. Be3 b6 13. Rad1 a6 14. Ng5 Nd4 15. Bxd4 exd4 16. e5 Ne8 17. Nxf7 Rxf7 18. Rxd4 Bg5 19. Ne4 Bh6 20. Nd6 Nxd6 21. exd6 Qd8 22. Qh5 Qf6 23. d7 Bxd7 24. Rxd7 Raf8 25. Bxf7+ Rxf7 26. Qxf7+ Qxf7 27. Rxf7 Kxf7 28. Re1 g6 29. f4 Bg7 30. c3 a5 31. Kf2 b5 32. Ke3 Ke6 33. Kd3+ Kd6 34. b3 Bf6 35. g4 Bh4 36. Re2 Bg3 37. f5 Be5 38. axb5 cxb5 39. Ra2 1-0

[Event "Wch U20 37th"]
[Site "Calicut"]
[Date "1998.11.17"]
[Round "1"]
[White "Uberoi, Arjun"]
[Black "Houska, Miroslav"]
[Result "0-1"]
[WhiteElo "2070"]
[BlackElo "2375"]
[PlyCount "59"]
[EventDate "1998.11.17"]
[EventType "swiss"]
[EventRounds "13"]
[EventCountry "IND"]
[SourceTitle "CBM 067 Extra"]
[Source "ChessBase"]
[SourceDate "1999.01.01"]
[SourceVersion "1"]
[SourceVersionDate "1999.01.01"]
[SourceQuality "1"]

1. d4 Nf6 2. Nf3 c5 3. dxc5 e6 4. c4 Bxc5 5. Nc3 Nc6 6. e3 d5 7. Be2 0-0 8. 0-0 b6 9. b3 Bb7 10. Bb2 Qe7 11. cxd5 Rad8 12. Rc1 exd5 13. Nb5 Ne4 14. Nbd4 Nxd4 15. Nxd4 Qg5 16. Nf3 Qh6 17. Bd4 Bd6 18. Be5 Bc5 19. Bd4 Rfe8 20. Bb5 Re6 21. Bxc5 bxc5 22. Bd3 Qf6 23. Qc2 d4 24. exd4 cxd4 25. Qc7 Ba8 26. Qxa7 Ng5 27. Nxd4 Red6 28. Bxh7+ Kxh7 29. Nb5 Nh3+ 30. Kh1 0-1

[Event "EU-Cup 14th Group2"]
[Site "Bonnevoie"]
[Date "1998.09.11"]
[Round "1"]
[White "Houska, Miroslav"]
[Black "Glek, Igor Vladimirovich"]
[Result "1/2-1/2"]
[WhiteElo "2375"]
[BlackElo "2580"]
[PlyCount "91"]
[EventDate "1998.09.11"]
[EventType "team-k.o."]
[EventRounds "3"]
[EventCountry "LUX"]
[SourceTitle "EXT 2020"]
[Source "ChessBase"]
[SourceDate "2019.10.17"]
[SourceVersion "1"]
[SourceVersionDate "2019.10.17"]
[SourceQuality "1"]
[WhiteTeam "Slough"]
[BlackTeam "Eupen Rochade"]
[WhiteTeamCountry "ENG"]
[BlackTeamCountry "BEL"]

1. d4 Nf6 2. c4 g6 3. Nc3 Bg7 4. e4 d6 5. f4 c5 6. d5 0-0 7. Nf3 e6 8. Be2 exd5 9. cxd5 Bg4 10. 0-0 Nbd7 11. h3 Bxf3 12. Bxf3 Ne8 13. Be3 Nc7 14. Qd2 Rb8 15. Rae1 Re8 16. Kh1 b5 17. f5 b4 18. Nd1 Nb5 19. fxg6 hxg6 20. Bg5 Qc7 21. Ne3 Ne5 22. Ng4 Nxg4 23. Bxg4 c4 24. Bf6 c3 25. Qc1 cxb2 26. Qxb2 Nc3 27. Bxg7 Kxg7 28. Qf2 Re5 29. Re3 Qe7 30. Rf3 Rb7 31. Qd4 Qe8 32. Rf4 Nxa2 33. h4 b3 34. Qb2 a5 35. h5 Qh8 36. Rf6 Rxh5+ 37. Bxh5 Qxh5+ 38. Kg1 Qe5 39. Qf2 b2 40. Rxf7+ Rxf7 41. Qxf7+ Kh6 42. Qe6 Nc1 43. Qh3+ Qh5 44. Qe3+ Qg5 45. Qh3+ Qh5 46. Qe3+ 1/2-1/2

[Event "Hampstead GM 3rd"]
[Site "Hampstead"]
[Date "1998.08.22"]
[Round "12"]
[White "Houska, Miroslav"]
[Black "Dunnington, Angus J"]
[Result "0-1"]
[WhiteElo "2375"]
[BlackElo "2365"]
[PlyCount "74"]
[EventDate "1998.08.??"]
[EventType "tourn"]
[EventRounds "15"]
[EventCountry "ENG"]
[EventCategory "7"]
[SourceTitle "EXT 1999"]
[Source "ChessBase"]
[SourceDate "1998.11.16"]
[SourceVersion "1"]
[SourceVersionDate "1998.11.16"]
[SourceQuality "1"]

1. d4 d5 2. c4 c6 3. Nc3 Nf6 4. e3 g6 5. Nf3 Bg7 6. h3 0-0 7. Bd3 c5 8. cxd5 cxd4 9. exd4 Nxd5 10. 0-0 Nc6 11. Be4 Nf6 12. Bc2 Be6 13. Be3 Bd5 14. Ne5 Qd6 15. f4 Nb4 16. Bb1 Bc6 17. Kh2 Nbd5 18. Bg1 Nh5 19. Ne4 Qb4 20. Nd3 Qb6 21. g4 Nhf6 22. Nec5 Rad8 23. Qe2 Nd7 24. Ne4 Bxd4 25. Bxd4 Qxd4 26. Ng5 N7f6 27. Nf3 Qe3 28. Qxe3 Nxe3 29. Re1 Bxf3 30. Rxe3 Bxg4 31. Rxe7 Bf5 32. Re3 Nd5 33. Rf3 Bxd3 34. Bxd3 Nxf4 35. Bc4 Rd2+ 36. Kg3 Nh5+ 37. Kh4 Rd4+ 0-1

[Event "Hampstead GM 3rd"]
[Site "Hampstead"]
[Date "1998.08.21"]
[Round "11"]
[White "Houska, Miroslav"]
[Black "McDonald, Neil R"]
[Result "1-0"]
[WhiteElo "2375"]
[BlackElo "2490"]
[PlyCount "99"]
[EventDate "1998.08.??"]
[EventType "tourn"]
[EventRounds "15"]
[EventCountry "ENG"]
[EventCategory "7"]
[SourceTitle "EXT 1999"]
[Source "ChessBase"]
[SourceDate "1998.11.16"]
[SourceVersion "1"]
[SourceVersionDate "1998.11.16"]
[SourceQuality "1"]

1. d4 d5 2. Nf3 Nf6 3. c4 e6 4. Nc3 c6 5. Bg5 dxc4 6. e4 b5 7. e5 h6 8. Bh4 g5 9. Nxg5 hxg5 10. Bxg5 Nbd7 11. exf6 Bb7 12. g3 c5 13. d5 Ne5 14. Bg2 Nd3+ 15. Kf1 Qb6 16. b3 Qa5 17. dxe6 Bxg2+ 18. Kxg2 fxe6 19. Qf3 Rb8 20. bxc4 Qxc3 21. f7+ Kd7 22. Rhd1 bxc4 23. Bf6 e5 24. Bxh8 Qd4 25. Rab1 Rxb1 26. Rxb1 c3 27. Qb7+ Kd6 28. Qa6+ Kd5 29. Qb7+ Kd6 30. Qb8+ Kd5 31. Rf1 Bh6 32. f8Q Bxf8 33. Qxf8 c2 34. Bg7 c1Q 35. Qf7+ Kd6 36. Qg6+ Kc7 37. Rxc1 Nxc1 38. Qf7+ Kd6 39. Qf6+ Kd5 40. Qf3+ Kd6 41. Bf8+ Kd7 42. Qb7+ Ke6 43. Qc6+ Kf7 44. Bxc5 Qc4 45. Qd7+ Kg6 46. Qe8+ Kf5 47. Qf8+ Kg6 48. Qd6+ Kf5 49. f3 Qe2+ 50. Bf2 1-0